MARC details
| 000 -LEADER |
| campo de control de longitud fija |
01627cam a2200445Ka 4500 |
| 001 - NÚMERO DE CONTROL |
| campo de control |
99048 |
| 005 - FECHA Y HORA DE LA ÚLTIMA TRANSACCIÓN |
| campo de control |
20230410130745.0 |
| 006 - CÓDIGOS DE INFORMACIÓN DE LONGITUD FIJA--CARACTERÍSTICAS DEL MATERIAL ADICIONAL |
| campo de control de longitud fija |
m d |
| 007 - CAMPO FIJO DE DESCRIPCIÓN FÍSICA--INFORMACIÓN GENERAL |
| campo de control de longitud fija |
cr un||||a|a|| |
| 008 - DATOS DE LONGITUD FIJA--INFORMACIÓN GENERAL |
| campo de control de longitud fija |
100810s1988 nyua s 000 1 eng d |
| 035 ## - NÚMERO DE CONTROL DEL SISTEMA |
| Número de control de sistema |
(OCoLC)ocn654703344 |
| 040 ## - FUENTE DE CATALOGACIÓN |
| Centro catalogador/agencia de origen |
OCLCE |
| Lengua de catalogación |
eng |
| Centro/agencia transcriptor |
OCLCE |
| 020 ## - NÚMERO INTERNACIONAL ESTÁNDAR DEL LIBRO |
| ISBN cancelado o inválido |
0930289307 |
| 020 ## - NÚMERO INTERNACIONAL ESTÁNDAR DEL LIBRO |
| ISBN cancelado o inválido |
9780930289300 |
| 035 ## - NÚMERO DE CONTROL DEL SISTEMA |
| Número de control de sistema |
(OCoLC)654703344 |
| 050 14 - SIGNATURA TOPOGRÁFICA DE LA BIBLIOTECA DEL CONGRESO |
| Número de clasificación |
PN 6727 |
| Número de ítem |
B268c 1988 |
| 082 00 - NÚMERO DE LA CLASIFICACIÓN DECIMAL DEWEY |
| Número de clasificación |
741.5973 |
| 049 ## - FONDOS LOCALES (OCLC) |
| Biblioteca depositaria |
GRAL |
| 100 1# - ENTRADA PRINCIPAL--NOMBRE DE PERSONA |
| Nombre de persona |
Barr, Mike W. |
| 245 10 - MENCIÓN DEL TÍTULO |
| Título |
Camelot 3000 / |
| Mención de responsabilidad, etc. |
Mike W. Barr & Brian Bolland, writer/co-creators/artists ; Bruce D. Patterson & Terry Austin, embellishers ; John Constanza, letterer ; Tatjana Wood, colorist. |
| 260 ## - PUBLICACIÓN, DISTRIBUCIÓN, ETC. |
| Lugar de publicación, distribución, etc. |
New York, N.Y. : |
| Nombre del editor, distribuidor, etc. |
DC Comics, |
| Fecha de publicación, distribución, etc. |
c1988. |
| 300 ## - DESCRIPCIÓN FÍSICA |
| Extensión |
[312] p. : |
| Otras características físicas |
col. ill. ; |
| Dimensiones |
26 cm. |
| 500 ## - NOTA GENERAL |
| Nota general |
"Originally published in 12 issues in magazine form, 1982-1985"--T.p. verso. |
| 500 ## - NOTA GENERAL |
| Nota general |
"Continuing legends chronicled by Sir Thomas Mallory." |
| 588 ## - NOTA DE FUENTE DE LA DESCRIPCIÓN |
| Nota de fuente de la descripción |
Description based on print version record. |
| 650 #0 - PUNTO DE ACCESO ADICIONAL DE MATERIA--TÉRMINO DE MATERIA |
| Término de materia o nombre geográfico como elemento de entrada |
Science fiction comic books, strips, etc. |
| 650 #0 - PUNTO DE ACCESO ADICIONAL DE MATERIA--TÉRMINO DE MATERIA |
| Término de materia o nombre geográfico como elemento de entrada |
Arthurian romances |
| Subdivisión de forma |
Comic books, strips, etc. |
| 650 #4 - PUNTO DE ACCESO ADICIONAL DE MATERIA--TÉRMINO DE MATERIA |
| Término de materia o nombre geográfico como elemento de entrada |
20150700. |
| 650 #4 - PUNTO DE ACCESO ADICIONAL DE MATERIA--TÉRMINO DE MATERIA |
| Término de materia o nombre geográfico como elemento de entrada |
Tiras cómicas, historietas, etc. |
| 650 #4 - PUNTO DE ACCESO ADICIONAL DE MATERIA--TÉRMINO DE MATERIA |
| Término de materia o nombre geográfico como elemento de entrada |
Superhéroes |
| Subdivisión general |
Tiras cómicas, historietas, etc. |
| 650 #4 - PUNTO DE ACCESO ADICIONAL DE MATERIA--TÉRMINO DE MATERIA |
| Término de materia o nombre geográfico como elemento de entrada |
Administración de justicia |
| Subdivisión general |
Tiras cómicas, historietas, etc. |
| 650 #4 - PUNTO DE ACCESO ADICIONAL DE MATERIA--TÉRMINO DE MATERIA |
| Término de materia o nombre geográfico como elemento de entrada |
Novela gráfica. |
| 700 1# - ENTRADA AGREGADA--NOMBRE PERSONAL |
| Nombre de persona |
Bolland, Brian. |
| 740 01 - ENTRADA AGREGADA--TÍTULO RELACIONADO/ANALÍTICO NO CONTROLADO |
| Título relacionado o analítico no controlado |
Camelot three thousand. |
| 776 1# - ENTRADA DE FORMULARIO FÍSICO ADICIONAL |
| Información calificativa |
Original |
| Número de control del registro |
(OCoLC)18025266 |
| 856 40 - LOCALIZACIÓN Y ACCESO ELECTRÓNICOS |
| Materiales especificados |
Google |
| Identificador Uniforme de Recursos |
<a href="http://books.google.com/books?id=xsEbAQAAIAAJ">http://books.google.com/books?id=xsEbAQAAIAAJ</a> |
| 942 ## - ELEMENTOS DE ENTRADA SECUNDARIOS (KOHA) |
| Fuente del sistema de clasificación o colocación |
Clasificación de Library of Congress |
| Tipo de ítem Koha |
|
| 946 ## - PROCESAMIENTO DE INFORMACIÓN LOCAL (OCLC) |
| a |
JMG |
| 994 ## - |
| -- |
C0 |
| -- |
DRFGD |